Guess the 1970s song lyrics #74 - Statistics

General Stats
  • This quiz has been taken 31 times
  • The average score is 266 of 353
Answer Stats
Answer % Correct
a
96%
I
96%
the
96%
The
96%
you
96%
You
96%
be
93%
love
93%
my
93%
And
89%
and
89%
go
89%
me
89%
your
89%
in
85%
of
85%
on
85%
so
85%
to
85%
To
85%
we
85%
We
85%
at
81%
it
81%
It
81%
best
78%
Every
78%
every
78%
get
78%
heart
78%
night
78%
see
78%
that
78%
That
78%
all
74%
But
74%
but
74%
could
74%
day
74%
I'm
74%
it's
74%
Oh
74%
oh
74%
way
74%
about
70%
If
70%
know
70%
time
70%
were
70%
dream
67%
give
67%
like
67%
our
67%
too
67%
up
67%
us
67%
would
67%
had
63%
Look
63%
mine
63%
out
63%
always
59%
baby
59%
darling
59%
going
59%
here
59%
over
59%
sweet
59%
Thinking
59%
away
56%
dreams
56%
other
56%
try
56%
bed
52%
both
52%
come
52%
each
52%
gonna
52%
live
52%
lying
52%
morning
52%
never
52%
talk
52%
things
52%
wake
52%
was
52%
words
52%
back
48%
close
48%
Holding
48%
little
48%
said
48%
today
48%
trying
48%
right
44%
wasn't
44%
What's
44%
worry
44%
apart
41%
cheap
41%
cold
41%
coming
41%
happen
41%
seams
41%
slippin
41%
Wasting
41%
wine
41%
dark
37%
enough
37%
guess
37%
Left
37%
quiet
37%
sleeping
37%
above
33%
faces
33%
old
33%
rise
33%
rough
33%
same
33%
cloud
30%
places
30%
Beautiful
26%
crowd
26%
empty
26%
loud
26%
Mmm
4%
No matching quizzes found
Score Distribution
Percent of People with Each Score
Percentile by Number Answered
Your Score History
You have not taken this quiz